| 000 | 00838nam a2200217 i 4500 | ||
|---|---|---|---|
| 001 | 161728 | ||
| 003 | ES-MaACL | ||
| 005 | 20240522063057.0 | ||
| 008 | 940301s1887 sp |||| | spa d | ||
| 100 | 1 |
_aPereda, José María de, _d1833-1906 _990447 |
|
| 245 | 1 | 0 |
_aEsbozos y rasguños / _cJosé M. de Pereda. |
| 260 |
_aMadrid : _b[s.n.], _c1887 ( _fImp. y Fundición de Tello) |
||
| 300 |
_a381 p. ; _c18 cm. |
||
| 490 | 1 |
_aObras completas de D. Jose Maria de Pereda ; _v7 |
|
| 530 | _aDisponible en formato digital. | ||
| 800 |
_9236483 _aPereda, José María de, _d1833-1906. _tObras ; _v7 |
||
| 852 |
_aES-MaACL _jB-3694 _zEncuadernación holandesa |
||
| 856 |
_uhttp://bdh-rd.bne.es/viewer.vm?id=0000205039&page=1 _yVersión en línea _zBiblioteca Digital Hispánica |
||
| 942 | _2udc | ||
| 999 |
_c161728 _d161728 |
||